000 00232 a2200109 4500
001 68541
040 _cAnchieta - Itaigara
240 1 0 _aO canto de Bento
_l
245 1 0 _aO canto de Bento
650 4 _aLiteratura infantil
942 _cMU
999 _c68541
_d68541